[Event "St.Petersburg Summer Rapid"]
[Site "St Petersburg RUS"]
[Date "2015.08.30"]
[Round "7.3"]
[White "Shirov,A"]
[Black "Alekseenko,K"]
[Result "1/2-1/2"]
[WhiteElo "2702"]
[BlackElo "2540"]

1.e4 c5 2.Nf3 Nc6 3.d4 cxd4 4.Nxd4 Nf6 5.Nc3 d6 6.Bg5 e6 7.Qd2 a6 8.O-O-O Bd7
9.f4 b5 10.Bxf6 gxf6 11.Nxc6 Bxc6 12.Bd3 Qb6 13.Qe1 Ra7 14.Kb1 Qc5 15.f5 Rg8
16.fxe6 fxe6 17.Rf1 Qe5 18.Qf2 Rb7 19.Qxf6 Bg7 20.Qxe5 Bxe5 21.g3 h5 22.Ne2 h4
23.Nf4 hxg3 24.hxg3 Re7 25.Rf3 Kd7 26.Ne2 Rh7 27.a3 Ke7 28.Rdf1 Be8 29.c4 bxc4
30.Bxc4 Bg6 31.Re3 Rb8 32.b4 a5 33.Nf4 Bxf4 34.gxf4 axb4 35.f5 bxa3+ 36.Ka1 Bf7
37.Rxa3 exf5 38.Ra7+ Ke8 39.exf5 Bg8 40.Rxh7 Bxh7 41.Rh1 Rb7 42.f6 Bg6 43.Be6 Rh7
44.Rc1 Ra7+ 45.Kb2 Kf8 46.Rc8+ Be8 47.Kc3 Rf7 48.Bxf7 Kxf7 49.Rd8 Bb5 50.Rxd6 Ba4
51.Rb6 Bd1 52.Kd4 Be2 53.Rc6 Bd1 54.Rb6 Be2 55.Rb2 Bf1 56.Rc2 Bb5 57.Ke5 Ba4
58.Rb2 Bc6 59.Rb4 Bf3 60.Kf5 Bd5 61.Ke5 Ba2 62.Rb2 Bc4 63.Kd4 Be6 64.Ke5 Bc4
65.Rb7+ Kf8 66.Rc7 Ba2 67.Rc2 Bb3 68.Rc8+ Kf7 69.Rc7+ Kf8 70.Kf5 Bd5 71.Rc5 Ba2
72.Ra5 Bb3 73.Rb5 Bc4 74.Rb7 Bd5 75.Rb2 Bc4 76.Rd2 Bb3 77.Rb2 Bc4 78.Rb4  1/2-1/2

[Event "St.Petersburg Summer Rapid"]
[Site "St Petersburg RUS"]
[Date "2015.08.30"]
[Round "8.7"]
[White "Klimov,S"]
[Black "Shirov,A"]
[Result "0-1"]
[WhiteElo "2492"]
[BlackElo "2702"]

1.d4 d5 2.c4 c6 3.Nf3 Nf6 4.Nc3 e6 5.Bg5 dxc4 6.e4 b5 7.e5 h6 8.Bh4 g5 9.Nxg5 hxg5
10.Bxg5 Nbd7 11.g3 Bb7 12.exf6 c5 13.d5 Qb6 14.Bg2 b4 15.Na4 Qd6 16.Bf4 e5
17.Be3 Rc8 18.Rc1 Ba6 19.O-O Bb5 20.Re1 Qa6 21.b3 c3 22.Nxc3 bxc3 23.a4 Bd3
24.Rxc3 Bf5 25.g4 c4 26.gxf5 Bb4 27.Bd2 Bxc3 28.Bxc3 cxb3 29.Qxb3 Qxf6 30.Qb2 Rg8
31.Bxe5 Nxe5 32.Rxe5+ Kd8 33.h3 Qg5 34.f4 Rc1+  0-1

[Event "St.Petersburg Summer Rapid"]
[Site "St Petersburg RUS"]
[Date "2015.08.30"]
[Round "9.3"]
[White "Shirov,A"]
[Black "Aleksandrov,A"]
[Result "1/2-1/2"]
[WhiteElo "2702"]
[BlackElo "2619"]

1.e4 e5 2.Nf3 Nc6 3.Bb5 Nf6 4.O-O Nxe4 5.Re1 Nd6 6.Nxe5 Be7 7.Bf1 Nxe5 8.Rxe5 O-O
9.Nc3 Bf6 10.Re1 Re8 11.Nd5 Rxe1 12.Qxe1 b6 13.Qe3 Bb7 14.Nxf6+ Qxf6 15.Qc3 Qg6
16.d3 c5 17.Bf4 Nf5 18.Re1 h5 19.Kh1 Nh4 20.Bg3 Nf5  1/2-1/2

[Event "St.Petersburg Summer Rapid"]
[Site "St Petersburg RUS"]
[Date "2015.08.30"]
[Round "10.3"]
[White "Riazantsev,A"]
[Black "Shirov,A"]
[Result "1-0"]
[WhiteElo "2646"]
[BlackElo "2702"]

1.d4 d5 2.c4 c6 3.Nc3 Nf6 4.e3 e6 5.Bd3 Nbd7 6.b3 e5 7.Nge2 e4 8.Bc2 Bd6
9.f3 exf3 10.gxf3 O-O 11.Qd3 dxc4 12.bxc4 c5 13.Bb2 cxd4 14.exd4 b6 15.O-O-O Ba6
16.Nb5 Bxb5 17.cxb5 a6 18.Nc3 axb5 19.Nxb5 Bf4+ 20.Kb1 Re8 21.Qf5 Qb8 22.Rhe1 Bxh2
23.Rxe8+ Qxe8 24.f4 g6 25.Qg5 Qe3 26.Bc1 Qf3 27.Rd3 Qc6 28.Rc3 Qh1 29.Rh3 Rc8
30.Qh4 Qc6 31.Nc3 Bg1 32.f5 Qg2 33.fxg6 fxg6 34.Bb3+ Kh8 35.Rg3 Qf2 36.Qh3 Qxd4
37.Bb2 Re8 38.Rd3 Re1+ 39.Nd1 Qe4 40.Qxd7  1-0

[Event "St.Petersburg Summer Rapid"]
[Site "St Petersburg RUS"]
[Date "2015.08.30"]
[Round "11.8"]
[White "Shirov,A"]
[Black "Khusenkhojaev,Muhammad"]
[Result "1-0"]
[WhiteElo "2702"]
[BlackElo "2370"]

1.e4 e5 2.Nf3 Nc6 3.Bb5 a6 4.Ba4 Nf6 5.O-O Be7 6.Re1 b5 7.Bb3 d6 8.c3 O-O
9.h3 Nb8 10.d4 Nbd7 11.Nbd2 Bb7 12.Bc2 Re8 13.Nf1 Bf8 14.Ng3 g6 15.b3 d5
16.Bg5 dxe4 17.Bxe4 Bxe4 18.Nxe4 Bg7 19.dxe5  1-0

[Event "16th Puhajarve Rapid"]
[Site "Puhajarve EST"]
[Date "2015.11.27"]
[Round "1.1"]
[White "Narva,M"]
[Black "Shirov,A"]
[Result "0-1"]
[WhiteElo "2154"]
[BlackElo "2689"]

1.e4 c5 2.Nf3 Nc6 3.Bb5 e6 4.Bxc6 bxc6 5.O-O f6 6.d4 cxd4 7.Nxd4 e5 8.Nb3 d5
9.Qe2 a5 10.Rd1 a4 11.N3d2 Ba6 12.Qf3 Bc5 13.exd5 cxd5 14.Nc3 Ne7 15.Nde4 Bd4
16.Ng3 a3 17.Rb1 O-O 18.Nce2 axb2 19.Bxb2 Bc5 20.Nc3 Bc4 21.Nf5 Nxf5 22.Qxf5 d4
23.Ne4 Be7 24.Ra1 Qd5 25.a4 g6 26.Qf3 f5 27.Nd2 Qxf3 28.Nxf3 Bf6 29.Re1 Rfe8
30.a5 Rab8 31.Ba3 e4 32.Nd2 Ba6 33.Nb3 d3  0-1

[Event "16th Puhajarve Rapid"]
[Site "Puhajarve EST"]
[Date "2015.11.27"]
[Round "2.1"]
[White "Shirov,A"]
[Black "Medar,Marti"]
[Result "1-0"]
[WhiteElo "2689"]
[BlackElo "1984"]

1.e4 c6 2.d4 d6 3.Nc3 Qc7 4.f4 Nf6 5.Nf3 Bg4 6.Bd3 e5 7.Be3 Nbd7 8.Qd2 Be7
9.O-O-O a5 10.h3 Bxf3 11.gxf3 O-O 12.Rhg1 Kh8 13.fxe5 dxe5 14.f4 exd4 15.Bxd4 Bc5
16.Bxc5 Nxc5 17.e5 Nd5 18.Bxh7 Kxh7 19.Qf2 Qe7 20.Rxd5 cxd5 21.Nxd5 Rfc8
22.Qg3 Qf8 23.Nf6+ gxf6  1-0

[Event "16th Puhajarve Rapid"]
[Site "Puhajarve EST"]
[Date "2015.11.27"]
[Round "6.1"]
[White "Shirov,A"]
[Black "Huebner,R"]
[Result "1-0"]
[WhiteElo "2689"]
[BlackElo "2588"]

1.e4 e6 2.d4 d5 3.e5 c5 4.c3 Nc6 5.Nf3 Bd7 6.Be2 Nge7 7.O-O Nf5 8.dxc5 Bxc5
9.Bd3 O-O 10.Bxf5 exf5 11.Qxd5 Bb6 12.Bg5 Qc7 13.Na3 Be6 14.Qd6 Qxd6 15.exd6 h6
16.Be3 Bxe3 17.fxe3 Rad8 18.Rfd1 Rd7 19.c4 b6 20.Nd4 Rc8 21.Nxe6 fxe6 22.Rd2 Ne5
23.Rad1 Rc6 24.b3 Nf7 25.Nb5 a6 26.Nc7 Rdxd6 27.Rxd6 Nxd6 28.Nxe6 Nf7 29.Nd4 Rd6
30.Kf2 g6 31.Ke2 Ng5 32.Nf3 Re6 33.Rd8+ Kf7 34.Nd4 Re4 35.g3 Ne6 36.Rd6 Nxd4+
37.Rxd4 Re6 38.Rd7+ Kf6 39.b4 Kg5 40.Ra7 a5 41.b5 Kg4 42.Ra6 g5 43.c5 f4
44.gxf4 gxf4 45.cxb6 Rxe3+ 46.Kd2 Re5 47.Rxa5 f3 48.b7 Re8 49.Ra8 f2 50.Rxe8 f1=Q
51.b8=Q Qf2+ 52.Kc3 Qc5+ 53.Kb3 Qd5+ 54.Kb4 Qd2+ 55.Kc5 Qc3+ 56.Kb6 Qd4+
57.Kb7 Qd5+ 58.Ka6 Qxa2+ 59.Kb6 Qf2+ 60.Kc7 Qc5+ 61.Kd7 Qf5+ 62.Re6 Qf7+
63.Re7 Qf5+ 64.Ke8 Qg6+ 65.Kd8 Qg8+ 66.Kc7 Qc4+ 67.Kb6 Qd4+ 68.Ka6 Qa4+ 69.Kb6 Qd4+
70.Kc6 Qc4+ 71.Kd6 Qf4+ 72.Re5 Qf6+ 73.Kc5 Qf2+ 74.Kc6 Qf6+ 75.Qd6 Qf3+ 76.Qd5 Qc3+
77.Kd7 Qc2 78.Re4+ Kh3 79.Qh5+ Kg2 80.Re2+  1-0

[Event "16th Puhajarve Rapid"]
[Site "Puhajarve EST"]
[Date "2015.11.27"]
[Round "8.4"]
[White "Shirov,A"]
[Black "Leito,P"]
[Result "1-0"]
[WhiteElo "2689"]
[BlackElo "2333"]

1.e4 c5 2.Nf3 e6 3.d4 cxd4 4.Nxd4 Nc6 5.Nc3 d6 6.g4 Nxd4 7.Qxd4 Ne7 8.Be3 Nc6
9.Qd2 a6 10.O-O-O Qc7 11.f4 b5 12.g5 Bb7 13.Bh3 Na5 14.b3 Rc8 15.Kb2 b4 16.Nd5 exd5
17.Bxc8 Bxc8 18.exd5 Be7 19.Qxb4 Bd8 20.Qe4+ Qe7 21.Qxe7+ Kxe7 22.Rhe1 Bg4
23.Bb6+ Kd7 24.Bxd8 Rxd8 25.Rd4 Nb7 26.Rde4 Kc7 27.Re7+ Rd7 28.b4 h5 29.h4 Nd8
30.c4 g6 31.Kc3 Bf5 32.Rxd7+ Kxd7 33.Kd4 Nb7 34.c5 dxc5+ 35.bxc5 Na5 36.c6+  1-0

[Event "16th Puhajarve Rapid"]
[Site "Puhajarve EST"]
[Date "2015.11.28"]
[Round "12.1"]
[White "Shirov,A"]
[Black "Sepp,O"]
[Result "1-0"]
[WhiteElo "2689"]
[BlackElo "2431"]

1.e4 e5 2.Nf3 Nc6 3.Bb5 Nf6 4.O-O Nxe4 5.Re1 Nd6 6.Nxe5 Be7 7.Bf1 O-O 8.d4 Nf5
9.Nf3 d5 10.c3 Bd6 11.Bd3 Re8 12.Rxe8+ Qxe8 13.Qc2 g6 14.Bg5 h6 15.Bd2 Bf8
16.Na3 a6 17.Re1 Qd8 18.Qc1 Kh7 19.Nc2 Be6 20.Bf4 Rc8 21.Ne3 Nh4 22.Ne5 Nxe5
23.Bxe5 Qd7 24.Qd1 Nf5 25.Ng4 Bg7 26.Qd2 h5 27.Bxf5 hxg4 28.Bxg7 Kxg7 29.Bxe6 fxe6
30.Qf4 Rf8 31.Qxg4 Rf5 32.Qe2 Kf7 33.Qe3 Qe7 34.g4 Rf6 35.Kg2 g5 36.Qe5 Rf4
37.f3 c6 38.h4  1-0

[Event "16th Puhajarve Rapid"]
[Site "Puhajarve EST"]
[Date "2015.11.28"]
[Round "13.1"]
[White "Petursson,Mar"]
[Black "Shirov,A"]
[Result "0-1"]
[WhiteElo "2520"]
[BlackElo "2689"]

1.c4 e5 2.g3 Nc6 3.Bg2 f5 4.e3 Nf6 5.Nc3 g6 6.d4 Bg7 7.Nf3 e4 8.Ne5 Ne7 9.c5 d6
10.Qa4+ Kf8 11.cxd6 cxd6 12.Nc4 Be6 13.b3 a6 14.Qa5 Qxa5 15.Nxa5 Rc8 16.Kd2 b5
17.Ba3 Rxc3 18.Kxc3 b4+ 19.Kxb4 Nfd5+ 20.Kc4 Kf7 21.Bxd6 Rc8+ 22.Bc5 Nxe3+
23.Kb4 Nc2+ 24.Kc3 Rxc5+ 25.Nc4 Nxa1 26.Rxa1 Nd5+ 27.Kd2 Bxd4 28.Rc1 Bxf2  0-1

[Event "16th Puhajarve Rapid"]
[Site "Puhajarve EST"]
[Date "2015.11.28"]
[Round "17.1"]
[White "Reizniece,D"]
[Black "Shirov,A"]
[Result "0-1"]
[WhiteElo "2209"]
[BlackElo "2689"]

1.c4 c6 2.Nf3 d5 3.e3 Nf6 4.Nc3 Nbd7 5.b3 e5 6.Bb2 a6 7.d4 exd4 8.Nxd4 Bb4
9.Nc2 Bxc3+ 10.Bxc3 O-O 11.Be2 Ne4 12.Bb2 dxc4 13.Bxc4 Qa5+ 14.b4 Qg5 15.Qf3 Ndf6
16.h4 Qh6 17.Qf4 Qxf4 18.exf4 Be6 19.Bxe6 fxe6 20.Rd1 Nd5 21.g3 a5 22.bxa5 Rxa5
23.a3 Rc5 24.Nd4 e5 25.Ne6 Rc2 26.Bxe5 Re8 27.Nd4 Rxf2 28.Nf5 Rxe5 29.Nh6+ gxh6
30.fxe5 Ndc3 31.Rd8+ Kg7 32.Rd7+ Kg8 33.Rd8+ Rf8 34.Rd7 Nc5 35.Rd6 Rf5 36.Rd8+ Kg7
37.Re8 Kf7 38.Rb8 Rxe5+ 39.Kd2 N3e4+ 40.Kc2 Rf5 41.Rh2 Rf3 42.a4 Ra3 43.Kb2 Rxa4
44.Rh8 Kg7 45.Re8 Nd3+ 46.Kb3 Ndc5+ 47.Kb2 Rb4+ 48.Kc2 Rc4+ 49.Kb2 Kf6 50.g4 Nd3+
51.Ka2 Nec5 52.g5+ hxg5 53.hxg5+ Kxg5 54.Rxh7 Ra4+ 55.Kb1 Rb4+ 56.Kc2 Nf4
57.Rg8+ Kf5 58.Rf7+ Ke4 59.Re8+ Kf3 60.Ref8 b5 61.Rf5 Rc4+ 62.Kd2 Ne4+ 63.Kd1 Ke3
64.Rxf4 Nc3+  0-1

[Event "16th Puhajarve Rapid"]
[Site "Puhajarve EST"]
[Date "2015.11.28"]
[Round "22.1"]
[White "Siemer,T"]
[Black "Shirov,A"]
[Result "0-1"]
[WhiteElo "1960"]
[BlackElo "2689"]

1.Nf3 d5 2.g3 Bg4 3.Bg2 Nd7 4.d4 e6 5.O-O Ngf6 6.Bf4 c5 7.Nbd2 cxd4 8.Ne5 Bh5
9.Nb3 Nxe5 10.Bxe5 Bd6 11.Bxd4 e5 12.Bc5 O-O 13.Qd2 Rc8 14.Bxd6 Qxd6 15.c3 Rfd8
16.Rfd1 b6 17.Rac1 a5 18.Qd3 Bg6 19.Qb5 Bf5 20.e3 Bg4 21.Rd2 Qe6 22.f3 Bh5
23.g4 Bg6 24.Rcd1 h6 25.e4 Qd6 26.exd5 e4 27.Qe2 Re8 28.Rd4 exf3 29.Qxf3 Bc2
30.Rf1 Bxb3 31.axb3 Re5 32.c4 Rce8 33.Rd2 Re3 34.Qf4 Qc5 35.Qd4 Nxg4 36.Qxc5 bxc5
37.d6 Nf6 38.Rf5 Re1+ 39.Kf2 Ng4+ 40.Kg3 Ne5 41.Kf2 Ng4+ 42.Kg3 Ne5 43.Kf2 g6
44.Rf4 Rb1 45.Re4 f6 46.d7 Rd8 47.Rxe5 fxe5 48.Bc6 Kf7 49.Kf3 Ke6 50.Bd5+ Ke7
51.Bc6 Rf8+ 52.Ke4 Kd8 53.Kd5 e4 54.Kxe4 Re1+ 55.Kd5 Kc7 56.Kxc5 Re5+ 57.Bd5 Kxd7
58.Kb5 Rb8+ 59.Kxa5 Rxb3 60.Ka4 Rbe3 61.b4 Re2 62.Rd3 Rxh2 63.b5 Kc7 64.Kb4 Rb2+
65.Kc5 h5 66.Rf3 h4 67.b6+ Kd8 68.b7 Rf5 69.Re3 g5 70.Re6 Rxb7 71.Rh6 Rg7
72.Kd6 Rf8  0-1

[Event "16th Puhajarve Rapid"]
[Site "Puhajarve EST"]
[Date "2015.11.28"]
[Round "24.2"]
[White "Ladva,O"]
[Black "Shirov,A"]
[Result "1/2-1/2"]
[WhiteElo "2423"]
[BlackElo "2689"]

1.Nf3 d5 2.g3 Bg4 3.Bg2 Nd7 4.c4 e6 5.cxd5 exd5 6.O-O Ngf6 7.d3 c6 8.Nc3 Bd6
9.Qc2 O-O 10.e4 Re8 11.Re1 Bb4 12.Bd2 Bxf3 13.Bxf3 Ne5 14.Be2 dxe4 15.dxe4 Qe7
16.Kg2 Rad8 17.Rad1 h5 18.Bg5 Qe6 19.Bxf6 Qxf6 20.Bxh5 Nc4 21.Rxd8 Rxd8 22.Rd1 Rxd1
23.Nxd1 Qd4 24.Be2 Nd6 25.Bd3 c5 26.Ne3 b5 27.b3 a5 28.Qe2 a4 29.Nc2 Qe5
30.Nxb4 cxb4 31.f4 Qc5 32.e5 Ne8 33.Bxb5 axb3 34.axb3 Qd5+ 35.Kh3 Qxb3 36.Bc4 Qb1
37.e6 Nd6 38.exf7+ Kf8 39.Qe6 Qf5+ 40.Qxf5 Nxf5 41.g4 Nd4 42.g5 b3 43.Kg4 b2
44.Bd3 Kxf7 45.h4 g6 46.h5 gxh5+ 47.Kxh5 Ne2 48.Kg4 Nc3 49.f5 b1=Q 50.Bxb1 Nxb1
51.Kh5 Nc3 52.Kh6 Nd5 53.Kh7 Ne7 54.g6+ Kf6  1/2-1/2

[Event "16th Puhajarve Rapid"]
[Site "Puhajarve EST"]
[Date "2015.11.28"]
[Round "27.1"]
[White "Shirov,A"]
[Black "Van Wely,L"]
[Result "1/2-1/2"]
[WhiteElo "2689"]
[BlackElo "2632"]

1.e4 c5 2.Nf3 e6 3.d4 cxd4 4.Nxd4 a6 5.c4 Nf6 6.Nc3 Bb4 7.Qd3 d5 8.exd5 exd5
9.Be2 O-O 10.O-O Nc6 11.Nxc6 bxc6 12.cxd5 Nxd5 13.Nxd5 Qxd5 14.Qxd5 cxd5
15.Bf3 Be6 16.Be3 a5 17.Rfd1 Rfd8 18.Rac1 a4 19.a3 Be7 20.g3 Rab8 21.Bd4 Rb3
22.Kg2 Bf6 23.Rc2 Bf5 24.Bxf6 Bxc2 25.Bxd8 Rxf3 26.Kxf3  1/2-1/2

[Event "16th Puhajarve Rapid"]
[Site "Puhajarve EST"]
[Date "2015.11.29"]
[Round "29.1"]
[White "Shirov,A"]
[Black "Nyback,T"]
[Result "1-0"]
[WhiteElo "2689"]
[BlackElo "2594"]

1.e4 e5 2.Nf3 Nc6 3.Bb5 a6 4.Ba4 Nf6 5.O-O Be7 6.Re1 b5 7.Bb3 d6 8.c3 O-O
9.d4 Bg4 10.Be3 exd4 11.cxd4 Na5 12.Bc2 c5 13.Nc3 Nc4 14.Bc1 cxd4 15.Qxd4 Rc8
16.Nd2 Ne5 17.Bb3 Be6 18.Nf1 Nc6 19.Qd1 Na5 20.Bc2 Nc4 21.b3 Nb6 22.Bb2 d5
23.e5 Nfd7 24.Ne2 Bb4 25.Nd2 Bg4 26.a3 Bc5 27.Nf1 Re8 28.Qd3 g6 29.Neg3 Bf8
30.Ne3 Be6 31.f4 Nc5 32.Qd2 d4 33.Qxd4 Bxb3 34.Ne4 Nxe4 35.Bxb3 Nd2 36.e6  1-0

[Event "16th Puhajarve Rapid"]
[Site "Puhajarve EST"]
[Date "2015.11.29"]
[Round "30.4"]
[White "Seeman,T"]
[Black "Shirov,A"]
[Result "0-1"]
[WhiteElo "2408"]
[BlackElo "2689"]

1.Nf3 d5 2.g3 Bg4 3.Bg2 Nd7 4.O-O Ngf6 5.d3 e5 6.Nbd2 c6 7.h3 Be6 8.e4 h6
9.b3 dxe4 10.dxe4 Bc5 11.Bb2 Qc7 12.Qe2 O-O 13.Nc4 Bxc4 14.Qxc4 b5 15.Qe2 Rfe8
16.a4 a6 17.Ne1 Bd4 18.Bxd4 exd4 19.Nd3 Rad8 20.axb5 axb5 21.b4 Nxe4 22.Bxe4 f5
23.Bd5+ cxd5 24.Qf3 Ne5 25.Nxe5 Rxe5 26.Qf4 Rde8 27.Qxd4 Qxc2 28.Ra7 Qc4
29.Qb6 Re1 30.Rxe1 Rxe1+ 31.Kh2 Qe4  0-1

[Event "16th Puhajarve Rapid"]
[Site "Puhajarve EST"]
[Date "2015.11.29"]
[Round "31.1"]
[White "Shirov,A"]
[Black "Kulaots,K"]
[Result "1/2-1/2"]
[WhiteElo "2689"]
[BlackElo "2570"]

1.e4 c5 2.Nf3 d6 3.d4 cxd4 4.Nxd4 Nf6 5.Nc3 a6 6.h3 e6 7.g4 Be7 8.Bg2 Nfd7
9.g5 Nc6 10.h4 O-O 11.Be3 Nde5 12.Qe2 b5 13.Nxc6 Nxc6 14.f4 Qa5 15.O-O b4
16.Nd1 Qb5 17.Qxb5 axb5 18.Nf2 Bb7 19.Nd3 Ra4 20.b3 Ra5 21.f5 Rfa8 22.fxe6 fxe6
23.e5 d5 24.Bc5 Rxa2 25.Rxa2 Rxa2 26.Bh3 Bc8 27.Bxe7 Nxe7 28.Nxb4 Ra7 29.Kf2 Rc7
30.Ra1 Ng6 31.h5 Nxe5 32.Re1 Nc6 33.Nxd5 exd5 34.Re8+ Kf7 35.Rxc8 Rxc8 36.Bxc8 Nd4
37.Ba6  1/2-1/2

[Event "16th Puhajarve Rapid"]
[Site "Puhajarve EST"]
[Date "2015.11.29"]
[Round "33.1"]
[White "Shirov,A"]
[Black "Porrasmaa,T"]
[Result "1-0"]
[WhiteElo "2689"]
[BlackElo "2030"]

1.e4 c5 2.Nf3 Nc6 3.d4 cxd4 4.Nxd4 g6 5.Nc3 Bg7 6.Be3 Nf6 7.Bc4 O-O 8.Bb3 a5
9.O-O a4 10.Nxa4 Nxe4 11.Nb5 Ra6 12.c4 d6 13.Bc2 Nf6 14.Nac3 Be6 15.Nd5 Ng4
16.Bg5 Nge5 17.Bb3 Bxd5 18.cxd5 Na5 19.Rc1 Nxb3 20.Qxb3 Nd7 21.Rfe1 Nf6 22.a4 Qa5
23.Nc3 Rb6 24.Qa2 Qb4 25.Rxe7 Qxb2 26.Qxb2 Rxb2 27.Nb5 Nxd5 28.Rxb7 Nc3 29.Kf1 Ne4
30.Be3 d5 31.Rd7 Nd2+ 32.Bxd2 Rxd2 33.a5 Ra2 34.Nc7 Rxa5 35.Nxd5 Re8 36.g3 Ra1
37.Rxa1 Bxa1 38.f4 Kg7 39.Kf2 h5 40.h3 Bd4+ 41.Kf3 Re1 42.g4 h4 43.g5 Rf1+
44.Ke4 Ba1 45.Nc7 Re1+ 46.Kf3 Bb2 47.Rd8 Rf1+ 48.Ke4 Re1+ 49.Kf3 Rf1+ 50.Kg4 Bc3
51.Ne8+ Kh7 52.Nf6+ Bxf6 53.gxf6  1-0

[Event "TCh-CZE Extraliga 2015-16"]
[Site "Czech Republic CZE"]
[Date "2016.01.09"]
[Round "5.3"]
[White "Shirov,A"]
[Black "Movsesian,S"]
[Result "1/2-1/2"]
[WhiteElo "2689"]
[BlackElo "2666"]

1.e4 e5 2.Nf3 Nc6 3.Bb5 Nge7 4.Nc3 g6 5.d4 exd4 6.Nd5 Bg7 7.Bf4 Nxd5 8.exd5 Ne7
9.O-O O-O 10.d6 cxd6 11.Bxd6 Re8 12.Re1 Nf5 13.Rxe8+ Qxe8 14.Ba3 Qd8 15.Bd3 d5
16.Bxf5 Bxf5 17.Nxd4 Be4 18.f3 Qb6 19.c3 Bf5 20.Qa4 Bxd4+ 21.Qxd4 Qxd4+ 22.cxd4 Bd7
23.Rc1  1/2-1/2

[Event "TCh-CZE Extraliga 2015-16"]
[Site "Czech Republic CZE"]
[Date "2016.01.10"]
[Round "6.3"]
[White "Klekowski,M"]
[Black "Shirov,A"]
[Result "0-1"]
[WhiteElo "2465"]
[BlackElo "2689"]

1.c4 e5 2.Nc3 Nc6 3.g3 g6 4.Bg2 Bg7 5.Nf3 d6 6.d3 Nf6 7.O-O O-O 8.Rb1 a5
9.a3 Re8 10.Nd2 Nd4 11.b4 axb4 12.axb4 c6 13.Nde4 Nxe4 14.dxe4 Be6 15.Qd3 Qd7
16.Rd1 b5 17.cxb5 cxb5 18.Nd5 Bxd5 19.exd5 Qg4 20.e4 Ne2+ 21.Kh1 Nc3 22.Be3 Nxd1
23.Rxd1 Ra3 24.Qf1 Rc8 25.h3 Qd7 26.Rc1 Rac3 27.Ra1 h5 28.Ra5 R8c4 29.Qe1 Rb3
30.Bd2 Kh7 31.Bf1 Rc2 32.Kg2 Qe7 33.Bxb5 Qf6 34.Be3 Bh6 35.Ba7 Qf3+ 36.Kg1 Rc1  0-1

[Event "TCh-CZE Extraliga 2015-16"]
[Site "Czech Republic CZE"]
[Date "2016.02.06"]
[Round "7.5"]
[White "Stohl,I"]
[Black "Shirov,A"]
[Result "1/2-1/2"]
[WhiteElo "2486"]
[BlackElo "2689"]

1.d4 d5 2.c4 c6 3.Nf3 Nf6 4.Nc3 e6 5.e3 Nbd7 6.Qc2 Bd6 7.Bd3 O-O 8.O-O dxc4
9.Bxc4 b5 10.Bd3 Bb7 11.a3 Rc8 12.b4 c5 13.bxc5 Bxf3 14.gxf3 Nxc5 15.dxc5  1/2-1/2

[Event "TCh-CZE Extraliga 2015-16"]
[Site "Czech Republic CZE"]
[Date "2016.02.07"]
[Round "8.6"]
[White "Shirov,A"]
[Black "Antoniewski,R"]
[Result "1-0"]
[WhiteElo "2689"]
[BlackElo "2525"]

1.e4 c5 2.Nf3 e6 3.d4 cxd4 4.Nxd4 Nc6 5.Nc3 a6 6.Be3 Nf6 7.f4 Bb4 8.Bd3 e5
9.fxe5 Nxe5 10.O-O d6 11.Kh1 Bxc3 12.bxc3 h6 13.Nf3 O-O 14.Nxe5 dxe5 15.Qf3 Re8
16.h3 Re6 17.g4 Rc6 18.g5 hxg5 19.Bxg5 Qd7 20.Kh2 Nh7 21.Be3 Qe7 22.Rg1 Kh8
23.c4 b5 24.c5 Bd7 25.a4 bxa4 26.Bc4 Rf8 27.Bd5 f5 28.Bxc6 Bxc6 29.Qh5 Be8
30.Qe2 f4 31.Bf2 Nf6 32.Rab1 Bb5 33.c4 Bc6 34.Rb6 Qe8 35.Bh4 Nxe4 36.Qg4 Rf7
37.Qg6 Ba8 38.Qh5+ Kg8 39.Rh6  1-0

[Event "Vladimir Petrov Mem 2016"]
[Site "Jurmala LAT"]
[Date "2016.03.05"]
[Round "2.4"]
[White "Shirov,A"]
[Black "Putka,V"]
[Result "1-0"]
[WhiteElo "2685"]
[BlackElo "2307"]

1.d4 Nf6 2.c4 e6 3.Nf3 b6 4.g3 Ba6 5.Qc2 c5 6.d5 exd5 7.cxd5 Bb7 8.Bg2 Nxd5
9.O-O Be7 10.Rd1 Nc6 11.Qf5 Nf6 12.e4 g6 13.Qf4 O-O 14.e5 Nh5 15.Qc4 Ng7
16.Nc3 Ne6 17.Bh6 Re8 18.Nd5 Rb8 19.Be3 Ba8 20.h4 Rc8 21.Qg4 h5 22.Qa4 Na5
23.g4 c4 24.gxh5 gxh5 25.Qc2 Bxd5 26.Rxd5 Bxh4 27.Rad1 Rc7 28.Bh3 Kg7 29.Kh2 Rh8
30.Rg1+ Kf8 31.Bxe6 fxe6 32.Qg6 exd5 33.Qg7+ Ke8 34.Qxh8+ Ke7 35.Qh7+ Ke6
36.Rg6+  1-0

[Event "Vladimir Petrov Mem 2016"]
[Site "Jurmala LAT"]
[Date "2016.03.05"]
[Round "3.4"]
[White "Kantans,T"]
[Black "Shirov,A"]
[Result "0-1"]
[WhiteElo "2496"]
[BlackElo "2685"]

1.e4 c5 2.Nf3 Nc6 3.d4 cxd4 4.Nxd4 Nf6 5.Nc3 e5 6.Ndb5 d6 7.Bg5 a6 8.Na3 b5
9.Nd5 Be7 10.Bxf6 Bxf6 11.c4 b4 12.Nc2 O-O 13.Qf3 Bg5 14.h4 Bh6 15.g4 f6
16.Rg1 Be6 17.Bd3 Ra7 18.Kf1 g6 19.Rd1 Kh8 20.Be2 Qa5 21.a3 bxa3 22.bxa3 Qc5
23.Qd3 Rd7 24.Rg2 Bg7 25.Kg1 f5 26.h5 fxe4 27.Qxe4 Rdf7 28.Qe3 gxh5 29.gxh5 Qxe3
30.fxe3 Bh6 31.Bg4 Bf5 32.Rf1 Bxg4 33.Rxf7 Rxf7 34.Rxg4 Rf5 35.Kg2 Rxh5 36.Nf6 Rg5
37.Rxg5 Bxg5 38.Ne8 Be7 39.Nb4 Na5 40.Nd5 Bf8 41.Nb6 Nb7 42.Nd7 Be7 43.Nc7 a5
44.Kf3 h5 45.Nd5 Bd8 46.Nf8 Kg7 47.Ne6+ Kf7 48.Nxd8+ Nxd8 49.Nc3 Ke6 50.Kg3 Kf5
51.Kh4 Kg6 52.Nb5 Nb7 53.Nc7 Nc5 54.Nb5 Ne4 55.Na7  0-1

[Event "Vladimir Petrov Mem 2016"]
[Site "Jurmala LAT"]
[Date "2016.03.05"]
[Round "4.2"]
[White "Shirov,A"]
[Black "Krasenkow,M"]
[Result "0-1"]
[WhiteElo "2685"]
[BlackElo "2610"]

1.e4 c5 2.Nf3 Nc6 3.Bb5 e6 4.Bxc6 bxc6 5.b3 Ne7 6.Bb2 f6 7.Nh4 e5 8.f4 d6
9.fxe5 dxe5 10.d3 Be6 11.Nd2 Bf7 12.O-O Ng6 13.Nf5 Nf4 14.Nc4 Bxc4 15.bxc4 g6
16.Nh4 Bg7 17.Nf3 O-O 18.Bc1 Ne6 19.Be3 f5 20.Rb1 Rb8 21.Rxb8 Qxb8 22.exf5 gxf5
23.Nd2 Qd6 24.Qh5 Nd4 25.Nb3 Qe7 26.Bxd4 exd4 27.g3 Qe5 28.Kg2 Rf6 29.Rf2 Bh6
30.g4 Bf4 31.Nxc5 Rh6 32.Qxf5 Rxh2+ 33.Kf1 Rxf2+ 34.Kxf2 Qe3+ 35.Kf1 Qf3+
36.Ke1 Bg3+ 37.Kd2 Qe3+  0-1

[Event "Vladimir Petrov Mem 2016"]
[Site "Jurmala LAT"]
[Date "2016.03.05"]
[Round "5.8"]
[White "Sveshnikov,E"]
[Black "Shirov,A"]
[Result "0-1"]
[WhiteElo "2502"]
[BlackElo "2685"]

1.e4 c5 2.c3 Nf6 3.e5 Nd5 4.Nf3 Nc6 5.d4 cxd4 6.cxd4 d6 7.Nc3 dxe5 8.dxe5 Nxc3
9.Qxd8+ Nxd8 10.bxc3 Bd7 11.Be3 e6 12.Nd4 Rc8 13.Kd2 a6 14.Rb1 Bc5 15.Bd3 Ba4
16.f4 b5 17.f5 exf5 18.Nxf5 Ne6 19.Rhe1 O-O 20.Bxc5 Rxc5 21.Re3 Rd8 22.Rb4 Kf8
23.Rh4 h6 24.Nd4 Rcd5 25.Nc6 Rc8 26.Nb4 Rdc5 27.Nxa6 Rxc3 28.Nb4 Rc1 29.Bf5 Rd1+
30.Ke2 Rcd8 31.Bxe6 R8d2+ 32.Kf3 fxe6 33.Rf4+ Ke7 34.Kg3 Rg1 35.Rf2 Rxf2
36.Kxf2 Rb1 37.Re4 Rb2+ 38.Kg3 Kd7 39.Rd4+ Kc7 40.a3 Rb3+ 41.Rd3 Kb6 42.Kf4 Rxd3
43.Nxd3 Bb3 44.h4 Bc4 45.Ke3 Bxd3 46.Kxd3 Ka5 47.Kd4 b4 48.axb4+ Kxb4 49.h5 Kb5
50.g4 Kb4 51.g5 Kb5 52.Ke4 Kc4 53.Kf4 Kd4 54.gxh6 gxh6 55.Kf3 Kxe5 56.Ke3 Kf5
57.Kf3 Kg5 58.Ke4 Kxh5  0-1

[Event "Vladimir Petrov Mem 2016"]
[Site "Jurmala LAT"]
[Date "2016.03.05"]
[Round "6.5"]
[White "Shirov,A"]
[Black "Hracek,Z"]
[Result "1/2-1/2"]
[WhiteElo "2685"]
[BlackElo "2599"]

1.e4 e5 2.Nf3 Nc6 3.Bb5 Nf6 4.O-O Nxe4 5.d4 Nd6 6.Bxc6 dxc6 7.dxe5 Nf5 8.Qxd8+ Kxd8
9.Nc3 Ke8 10.h3 Be6 11.Rd1 Bb4 12.Ne2 Bd5 13.Nfd4 Nxd4 14.Nxd4 Rd8 15.c3 Bf8
16.Bf4 Bc5 17.e6 Bxd4 18.exf7+ Bxf7 19.cxd4 Kd7 20.Be5 Rhg8 21.f4 h5 22.g4 Bd5
23.Kf2 g6 24.Kg3 a5 25.Kh4 a4 26.a3 Ra8 27.Rd2 Ra5 28.Re1 Rb5 29.Re3 Rb3
30.Rde2 Rxe3 31.Rxe3 Re8 32.Kg5 hxg4 33.hxg4 Re6 34.Rh3 Be4 35.Bf6 b6 36.Rh7+ Kd6
37.Be5+ Kd5 38.Rxc7 Kc4 39.f5 gxf5 40.gxf5 Re8 41.f6 Rg8+ 42.Rg7 Rxg7+ 43.fxg7 Bd5
44.Bc7 b5 45.Bb6 Kb3 46.Bc5 Kxb2 47.Kf6 Kc3 48.Ke5 Kc4 49.Bb4 Kd3  1/2-1/2

[Event "Vladimir Petrov Mem 2016"]
[Site "Jurmala LAT"]
[Date "2016.03.06"]
[Round "7.6"]
[White "Neiksans,A"]
[Black "Shirov,A"]
[Result "1/2-1/2"]
[WhiteElo "2607"]
[BlackElo "2685"]

1.e4 c5 2.Nf3 d6 3.Bb5+ Bd7 4.c4 Nc6 5.d4 cxd4 6.Nxd4 Nf6 7.Nc3 g6 8.f3 Bg7
9.Be3 O-O 10.O-O Rc8 11.Rc1 a6 12.Bxc6 Bxc6 13.Qd2 Bd7 14.b3 Qa5 15.Rfd1 Rfd8
16.a4 Be8 17.Nde2 e6 18.Bd4 Nd7 19.Bxg7 Kxg7 20.Rb1 Qc5+ 21.Kh1 Ne5 22.Nd4 Nc6
23.Nce2 Nxd4 24.Nxd4 Kg8 25.h3 Qe5 26.Re1 Qf6 27.Rbd1 Rc5 28.Qb4 Rd7 29.Rd2 Rh5
30.Red1 d5 31.exd5 exd5 32.Re1 Rd8 33.c5 Bd7 34.Ree2 Rh4 35.Qb6 Qg5 36.Re5 f5
37.f4 Rxf4 38.Nf3 Rxf3 39.gxf3 Bc6 40.f4 Qh4 41.Rd4 Qxh3+ 42.Kg1 Qg3+ 43.Kf1 Qf3+
44.Kg1 Qg3+ 45.Kf1 Qf3+ 46.Kg1 Qg3+  1/2-1/2

[Event "Vladimir Petrov Mem 2016"]
[Site "Jurmala LAT"]
[Date "2016.03.06"]
[Round "8.7"]
[White "Shirov,A"]
[Black "Popov,Val"]
[Result "1/2-1/2"]
[WhiteElo "2685"]
[BlackElo "2528"]

1.e4 c6 2.d4 d5 3.e5 Bf5 4.Nf3 e6 5.Be2 Nd7 6.O-O Bg6 7.c3 h6 8.Nbd2 Ne7
9.b4 Nc8 10.a4 a5 11.b5 c5 12.Nb3 Ncb6 13.Be3 cxd4 14.cxd4 Nc4 15.Nfd2 Nb2
16.Qc1 Nd3 17.Qd1 Nb2 18.Qc1 Nd3 19.Qd1  1/2-1/2

[Event "Vladimir Petrov Mem 2016"]
[Site "Jurmala LAT"]
[Date "2016.03.06"]
[Round "10.7"]
[White "Shirov,A"]
[Black "Ehlvest,J"]
[Result "1-0"]
[WhiteElo "2685"]
[BlackElo "2524"]

1.e4 c6 2.d4 d5 3.e5 Bf5 4.Nf3 e6 5.Be2 Ne7 6.O-O Nd7 7.Nh4 Be4 8.Nd2 c5
9.Nxe4 dxe4 10.g3 Rc8 11.c3 cxd4 12.Qxd4 Nc5 13.Bg5 Qc7 14.Bb5+ Nc6 15.Rad1 h6
16.Bxc6+ bxc6 17.Be3 Be7 18.b4 Na4 19.Rc1 Bxh4 20.gxh4 c5 21.Qxe4 O-O 22.b5 c4
23.Kh1 f5 24.exf6 Rxf6 25.Rg1 Nc5 26.Qxc4 Qb7+ 27.Rg2 Ne4 28.Qd4 e5 29.Qxa7  1-0